000 00613cam a2200205 4500500
005 20260405001750.0
041 _afre
042 _adc
100 1 0 _aTenaillon, Nicolas
_eauthor
245 0 0 _aLe Fil perdu. Essais sur la fiction moderne
260 _c2014.
500 _a59
690 _aDémocratie
690 _aJacques Rancière
690 _aLittérature
690 _aPolitique
690 _aroman
786 0 _nPhilosophie magazine | 80 | 6 | 2014-06-01 | p. 60-60 | 1951-1787
856 4 1 _uhttps://shs.cairn.info/magazine-philosophie-magazine-2014-6-page-60?lang=fr&redirect-ssocas=7080
999 _c2050853
_d2050853